LEADER 01624nam0 22003613i 450 001 VAN00282482 005 20251104020319.965 017 70$2N$a9783319396170 100 $a20241104d2017 |0itac50 ba 101 $aeng 102 $aCH 105 $a|||| ||||| 181 $ai$b e 182 $ab 183 $acr 200 1 $aAcid-Base Balance and Nitrogen Excretion in Invertebrates$eMechanisms and Strategies in Various Invertebrate Groups with Considerations of Challenges Caused by Ocean Acidification$fDirk Weihrauch, Michael O?Donnell editors 210 $aCham$cSpringer$d2017 215 $aX, 306 p.$cill.$d24 cm 620 $aCH$dCham$3VANL001889 676 $a592$cInvertebrati$v22 676 $a591.7$cEcologia animale$v22 676 $a571.1$cFisiologia animale$v22 702 1$aO?Donnell$bMichael$3VANV235325 702 1$aWeihrauch$bDirk$3VANV235324 712 $aSpringer $3VANV108073$4650 801 $aIT$bSOL$c20251107$gRICA 856 4 $uhttps://link.springer.com/openurl?genre=book&isbn=978-3-319-39617-0$zE-book - Accesso al full-text attraverso riconoscimento IP di Ateneo, proxy e/o Shibboleth 899 $aBIBLIOTECA DEL DIPARTIMENTO DI SCIENZE E TECNOLOGIE AMBIENTALI BIOLOGICHE E FARMACEUTICHE$1IT-CE0101$2VAN17 912 $fN 912 $aVAN00282482 950 $aBIBLIOTECA DEL DIPARTIMENTO DI SCIENZE E TECNOLOGIE AMBIENTALI BIOLOGICHE E FARMACEUTICHE$d17CONS e-book 178 $e17BIB178/9 9 20241104 996 $aAcid-Base Balance and Nitrogen Excretion in Invertebrates$92111548 997 $aUNICAMPANIA